000 01475cam a22003131i 4500
003 SA-RiAUC
005 20251117123000.0
008 251115s1978 le g 000r0 ara c
040 _aSA-RiAUC
_bara
_cSA-RiAUC
_erda
043 _aa-su---
050 4 _bM36 1978
082 0 4 _a252.5
_qSA-RiAUC
090 _a252.5
_bم ن ق
100 1 _aالمنقور، أحمد بن محمد،
_d1067-1125 هجري
_eمؤلف.
245 1 0 _aجامع المناسك الثلاثة الحنبلية /
_cتأليف أحمد بن محمد المنقور التميمي النجدي ؛ تحقيق وتعليق محمد زهير الشاويش.
246 3 0 _aالمناسك الثلاثة الحنبلية
250 _aالطبعة الثالثة.
264 1 _aبيروت :
_bالمكتب الإسلامي،
_c1978
300 _a159 صفحة ؛
_c16 سم
336 _aنص
_btxt
_2rdacontent
_3كتاب
337 _aبدون وسيط
_bn
_2rdamedia
338 _aمجلد
_bnc
_2rdacarrier
650 7 _aالحج (فقه إسلامي)
_xمناسك
_xطريقة الحنابلة
_2aucsh
650 7 _aالأماكن المقدسة الإسلامية
_zالسعودية
_2aucsh
700 1 2 _iتحقيق لـ :
_aالمنقور، أحمد بن محمد،
_d1067-1125 هجري
_tجامع المناسك الثلاثة الحنبلية
700 1 _aالشاويش، زهير،
_d1925-2013
_eمحقق.
942 _2ddc
_cBOOK
_n0
949 _aSA-JeALM
_d251115
_umohamedma123
_n1
999 _c13302
_d13302